| 000 | 00904nam a22003017a 4500 | ||
|---|---|---|---|
| 001 | 0036541 | ||
| 003 | KOHA_MİRAKIL | ||
| 005 | 20260207003010.0 | ||
| 007 | ta | ||
| 008 | 120430b2007 tu |||gr||||#||||0|tur | | ||
| 020 | _a9755031782 | ||
| 040 |
_aTR-BiSEU _btur _cTR-BiSEU _erda |
||
| 041 | 0 | _atur | |
| 044 | _ctu | ||
| 050 |
_aTA780 _b.A75 2007 |
||
| 100 | 1 | _aArıoğlu, Ergin. | |
| 245 | 1 |
_aKayaya Gömülü Fore Kazıklar/ _cErgin Arıoğlu ; Ergin Arıoğlu , Ali Osman Yılmaz. |
|
| 264 | 1 |
_aİstanbul : _bEvrim Yayınevi _c2007 |
|
| 300 |
_a275 s. ; _c21 cm |
||
| 336 |
_ametin _btxt _2rdacontent |
||
| 337 |
_aaracısız _bn _2rdamedia |
||
| 338 |
_acilt _bnc _2rdacarrier |
||
| 650 | 0 |
_aKazık çakma (İnşaat mühendisliği). _969212 |
|
| 650 | 0 |
_aPiling (Civil engineering). _969213 |
|
| 650 | 0 |
_aRockslides. _969214 |
|
| 650 | 0 |
_aKaya kaymaları. _969215 |
|
| 942 |
_2lcc _cBK |
||
| 999 |
_c36433 _d36433 |
||